000 00349nam a2200133Ia 4500
008 191201s2010 xx 000 0 und d
082 _a620.04
_bDHP
100 _aDHAWAN, R K
245 0 _aPrinciples of Engineering Graphics and Drawing
260 _aN. Delhi
_bS Chand and Co. Ltd.
_c2010
300 _a422
650 _aB.Tech(ME)
942 _2ddc
_cBK
999 _c5726
_d5726